Word Ladder: Dwarf Planets Quiz Stats

 Plays Quiz Updated Oct 12, 2016

Score 0/17 Timer 02:00
0 Plays Today
Clue Answer % Correct
Arizona or Vermont, e.g.STATE
97.3%
A dishPLATE
96.9%
GazeSTARE
96.3%
Rock often used for roofingSLATE
95.6%
Socrates' studentPLATO
94.7%
Rhombus or octagonSHAPE
90.7%
♇ Dwarf planet located in the Kuiper belt
named for the Roman underworld god ♇
PLUTO
90.5%
Uneaten parts of applesCORES
90%
A unit of ownership in a companySHARE
89.2%
Clue Answer % Correct
Chicken cagesCOOPS
86.1%
Leather pants often worn by cowboysCHAPS
84.1%
Organization of enlisted personnelCORPS
83.9%
Cuts into small piecesCHOPS
82.6%
Iron Man's identitySTARK
81.6%
Terror of Amity IslandSHARK
75.4%
The metal tip of a scabbardCHAPE
74.5%
⚳ Dwarf planet located in the asteroid belt
named for the Roman agriculture goddess⚳
CERES
38%

Today's Daily Dose

Missing Word
Directed by Peter

Word Ladder
Blink-182

Quick Pick
Eagles Songs

Get the Picture
NFC West Profiles

You're not logged in!

Compare scores with friends on all Sporcle quizzes.
OR
Log In

Sporcle TV

Today on Sporcle TV


Watch our educational content, quiz creation guides, and fun videos on Sporcle TV.

Show Comments

Extras

Top Quizzes Today


Score Distribution

Your Account Isn't Verified!

In order to create a playlist on Sporcle, you need to verify the email address you used during registration. Go to your Sporcle Settings to finish the process.

Report this User

Report this user for behavior that violates our Community Guidelines.

Details: